000
00282nam a2200121Ia 4500
008
190216s9999||||xx |||||||||||||| ||und||
100
_a
Ulloor S Parameswara Aiyer
245
0
_a
Deepavali
260
_b
Ulloor Publishers
_c
1970
300
_a
66p
650
_a
Kavithkal
942
_c
BK
999
_c
24247
_d
24247